Countries that Beat Luxembourg - Statistics

General Stats
  • This quiz has been taken 490 times
  • The average score is 12 of 20
Answer Stats
Rangs Catégories Pays % Correct
4 Richest per capita Monaco | Qatar | Liechtenstein
96%
4 Shortest border with France Andorra | Monaco | Netherlands
95%
4 Longest one-word country name in Europe Liechtenstein | Netherlands | Switzerland
94%
5 Highest military spending per capita in Europe Norway | Greece | United Kingdom | France
89%
5 Starting with "L" most guessed at COTW Lithuania | Latvia | Libya | Laos
87%
2 Shortest border with Germany Denmark
82%
2 Lowest german speakers rate where german is an official language Belgium
73%
9 Most exports per capita Liechtenstein | Singapore | Belgium | Switzerland | Ireland | Netherlands | United Arab Emirates | Qatar
72%
2 Smallest in European Union Malta
70%
4 Highest value in Scrabble in Europe Czech Republic | Bosnia and Herzegovina | Switzerland
57%
5 Highest immigrants rate in Europe Vatican City | Liechtenstein | Monaco | Andorra
53%
7 Highest alcohol consumption per capita Seychelles | Uganda | Czech Republic | Lithuania | Germany | Ireland
50%
2 Highest French speaking rate (excepted France) Monaco
45%
2 German speaking closest to the end of the alphabet Switzerland
44%
6 Highest electricty consumption per capita in Europe Iceland | Liechtenstein | Norway | Finland | Sweden
42%
4 Most imports per capita San Marino | Singapore | Liechtenstein
36%
7 European capital with the most precipitation Montenegro | Slovenia | Albania | Switzerland | Liechtenstein | Bosnia and Herzegovina
34%
2 Most Nobel Laureates per capita Saint Lucia
23%
2 Best passports United Arab Emirates
18%
4 Highest CO2 emissions per capita out of Asia Palau | Trinidad and Tobago | Australia
13%
No matching quizzes found
Score Distribution
Percent of People with Each Score
Percentile by Number Answered
Your Score History
You have not taken this quiz